| 000 | 01056nam a22003377a 4500 | ||
|---|---|---|---|
| 003 | CHAP | ||
| 005 | 20220329141554.0 | ||
| 008 | 971013s1984 r 00010 d | ||
| 010 | _a70345 | ||
| 011 | _a71317 | ||
| 035 | _a80871 | ||
| 040 | _cCHAP | ||
| 082 |
_a581.8733 _bB35 |
||
| 100 | 0 | 0 |
_aBaker, N. R. _eed. _99558 |
| 245 | _aChloroplast biogenesis | ||
| 260 |
_aAmsterdam : _bElsevier, _c1984 |
||
| 300 |
_a379 p. _b: ilus. ; gráfs. |
||
| 490 |
_aTopics in photosynthesis _v; 5 |
||
| 590 |
_aBATCH-UPD _b10 _c20130110 _lUCH01 _h0416 |
||
| 590 |
_aBATCH-UPD _b10 _c20130110 _lUCH01 _h2138 |
||
| 590 |
_aBATCH-UPD _b10 _c20130410 _lUCH01 _h0050 |
||
| 590 |
_aBATCH-UPD _b10 _c20130914 _lUCH01 _h0524 |
||
| 590 |
_aCONVERSION _b10 _c20130109 _lUCH01 _h1339 |
||
| 650 | 1 | 4 |
_aCloroplastos. _923901 |
| 650 | 1 | 4 |
_aFotosíntesis. _942737 |
| 700 | 0 |
_aBarber, James. _910097 |
|
| 830 | 0 |
_aTopics in photosynthesis _v; 5 _9113903 |
|
| 901 | _aBK | ||
| 942 | _cLIBRO | ||
| 949 |
_a581.8733 B35 _bBC _cLIBRO _d33724000451183 _eLIBRO _gI. 136135 _h70676 _i80871 _si _t102.00 |
||
| 999 |
_c70345 _d70345 |
||